|
|
|
|
| LEADER |
01138nam a22003132a 4500 |
| 001 |
000827116 |
| 003 |
CZ BrMZK |
| 005 |
20170104142323.0 |
| 007 |
ta |
| 008 |
060926s1980 xr a grf||||||||||cze d |
| 040 |
|
|
|a KLG001
|b cze
|d BOA001
|
| 043 |
|
|
|a e-xr---
|b e-xr-st
|2 czenas
|
| 072 |
|
7 |
|a 72
|x Architektura
|2 Konspekt
|9 21
|
| 080 |
|
|
|a 728.82
|2 MRF
|
| 080 |
|
|
|a (437.312)
|2 MRF
|
| 080 |
|
|
|a (036)
|2 MRF
|
| 100 |
1 |
|
|a Dvořák, Jan
|7 jn19981000839
|4 aut
|
| 245 |
1 |
0 |
|a Státní zámek Konopiště :
|b rytíř a drak /
|c [text Jan Dvořák ; snímky Jaroslav Franta]
|
| 246 |
3 |
3 |
|a Konopiště
|
| 260 |
|
|
|a [Praha] :
|b Středisko státní památkové péče a ochrany přírody Středočeského kraje,
|c 1980
|
| 300 |
|
|
|a 1 složený leták :
|b barev. il.
|
| 610 |
2 |
7 |
|a Konopiště (zámek)
|7 ko2002101841
|2 czenas
|
| 650 |
0 |
7 |
|a zámky
|z Česko
|7 ph127734
|2 czenas
|
| 651 |
|
7 |
|a Konopiště (Benešov, Česko)
|7 ge129629
|2 czenas
|
| 655 |
|
7 |
|a průvodce
|7 fd133154
|2 czenas
|
| 910 |
|
|
|a BOA001
|b X-0849.328
|
| 990 |
|
|
|a BK
|
| 991 |
|
|
|b 200609
|
| 996 |
6 |
|
|b 2619775418
|c X-0849.328
|y 1938
|l MZK
|r Sklad / do 24 hodin
|n 1
|w 000827116
|u 000010
|a 1
|e BOA001
|j MZK50
|s P
|